Last Words: Harry Potter - Statistics

General Stats
  • This quiz has been taken 119 times
  • The average score is 14 of 19
Answer Stats
Last words Character % Correct
"Lily, take Harry and go! It's him! Go! Run! I'll hold him off-" James Potter
100%
"Severus, please..." Albus Dumbledore
98%
"Avada Kedavra!" Voldemort
96%
"Not Harry! Please... have mercy... have mercy" Lily Potter
94%
"What will happen to your children once I've killed you? When Mummy's gone the same way as Freddie?" Bellatrix Lestrange
90%
You actually are joking, Perce... I don't think I've heard you joke since you were—" Fred Weasley
90%
"Look at me" Severus Snape
85%
"Have you seen Remus?" Nymphadora Tonks
83%
"See you all in about an hour at The Burrow. On the count of three. One... two... THREE." Alastor Moody
81%
"Come on, you can do better than that!" Sirius Black
77%
"Harry Potter..." Dobby
75%
"Master, I cannot hold him - my hands - my hands!" Quirinus Quirrell
73%
"Why doesn't Ginny stay here, then at least she'll be on the scene and know what's going on, but she won't be in the middle of the fighting." Remus Lupin
67%
"Wands out d'you reckon?" Cedric Diggory
65%
"Stand away from the door. I am coming in." Peter Pettigrew
60%
"My master's plan worked. He is returned to power and I will be honoured by him beyond the dreams of wizards and witches." Barty Crouch jr.
56%
"Like it hot, scum?" Vincent Crabbe
44%
"You will not win, you cannot win! That wand will never, ever be yours-" Gellert Grindelwald
41%
"I . . . regret your attitude. You seem to think that the Ministry does not desire what you — what Dumbledore — desired. We ought to be working together." Rufus Scrimgeour
38%
No matching quizzes found
Score Distribution
Percent of People with Each Score
Percentile by Number Answered
Your Score History
You have not taken this quiz